The Office

Bibliographic Details
Main Author: Pincott, Millie
Format: Book
Published: New York : Longman Group Ltd. , 1975
Subjects:

MARC

LEADER 00000cam a2200000 7i4500
001 0000009778
002 000010646
005 20000330.0
020 |a 0582416159 
090 0 0 |a 651.3   |b PIN 
100 1 |a Pincott, Millie 
245 1 4 |a The Office   |c Millie Pincott 
255 |a Book 1 
260 |a New York :   |b Longman Group Ltd. ,   |c 1975 
300 |a 262p. ;   |c 24cm. 
650 0 0 |a Secretaries   |x Handbook,manuals,ect 
999 |a 0008859   |b BUKU   |c PINJAMAN   |e PERPUSTAKAAN KOMUNITI PETALING JAYA